1420 1477 1994 1682 1764 1950 1030 1637 1693 1283 1422 1583 1824 1420 1366 1201 1671 1639 1601 1070 1948 1739 1704 1312 1095 1975 1738 1665 1006 1869 1337 1160 1749 1673 1119 1715 1765 1044 1830 1865 1952 1442 1396 1251 1191 1776 1190 1538 1735 1289 1955 1921 1458 1187 1321 1212 1891 1963 1761 1689 1333 1481 1401 1462 1229 1990 1755 1904 1875 1500 1143 1469 1365 1320 1645 1078 1474 1500 1579 1010 1713 1993 1911 1680 1988 1982 1892 1163 1882 1384 1492 1504 1021 1841 1967 1408 1851 1146 1297 BCNSPRNW ULIB Ver.6.0+V

เปลี่ยนเป็นภาษาไทย

Change to English
 แสดงรายละเอียดบรรณานุกรม
  กลับหน้าหลัก

Brief Record : Get Marc (ISO 2709) : E-mail record : QR code < ปิดหน้าต่าง
LEADER : 00000nam 2200000uu 4500
001    13399108716
003     ULIB
008    110314s2547||||th 000 0 tha d
020    9749716515 (ล.2)
060 04 WY154^bก451 2547 ล.2
245 00 การดูแลผู้ป่วยภาวะวิกฤต เล่ม 2/^cบรรณาธิการ ;คณะกรรมการจัดทำหนังสือ
250    พิมพ์ครั้งที่ 1
260    กรุงเทพฯ :^bฝ่ายการพยาบาล โรงพยาบาลศิริราช,^c2547
300    650 หน้า :^bภาพประกอบ ;^c26 ซม.
650  7 การดูแลขั้นวิกฤต
650  7 การพยาบาลผู้ป่วยวิกฤต
650  7 ผู้ป่วยหนัก^xการพยาบาล
700 0  คณะกรรมการจัดทำหนังสือ
710 2  โรงพยาบาลศิริราช. ^bฝ่ายการพยาบาล
945    ^p0^l0^i017471
945    ^p0^l0^i017470
945    ^p0^l0^i017469
945    ^p0^l0^i024787
995    เกษร
999 ^a ใช้งานได้ทุกระบบ
รายการนี้ยังไม่มีแท็ก
คุณยังไม่ได้ล็อกอิน คุณสามารถมีกิจกรรมร่วมกับเว็บไซต์ได้ แต่ต้องล็อกอินก่อน ::
  ล็อกอิน

รายการสื่อสารสนเทศ

ลำดับที่ ประเภท เลขเรียก/บาร์โค้ด สถานที่ สถานะ
- ไม่พบข้อมูล -

รายการใกล้เคียง
    หัวเรื่อง [การดูแลขั้นวิกฤต]
    หัวเรื่อง [การพยาบาลผู้ป่วยวิกฤต]

BibComment


ยังไม่เคยถูกคอมเมนท์

คอมเมนท์ทรัพยากรรายการนี้
  คอมเมนท์: การดูแลผู้ป่วยภาว..


 Copyright 2026. Bcnsprnw @Library